| LEADER | 01428nam a2200361 i 4500 | ||
|---|---|---|---|
| 001 | 007733075-7 | ||
| 005 | 20024617121422.0 | ||
| 008 | 900703s1962 ja a b 000 0 jpn | ||
| 010 | |a j 64001464 | ||
| 035 | 0 | |a ocm33627398 | |
| 040 | |a DLC |b jpn |c *LWU* |d NIC |d *YNH* |d CStRLIN | ||
| 050 | 0 | |a HQ1762 |b .K616 | |
| 100 | 1 | |6 880-01 |a Koyama, Takashi, |d 1900-1983, |e ed. | |
| 245 | 1 | 0 | |6 880-02 |a Gendai nihon no josei : |b sono shakaiteki chii / |c Koyama Takashi hen. |
| 260 | |6 880-03 |a Tōkyō : |b Kokudosha, |c 1962. | ||
| 300 | |a 382 p. : |b ill. ; |c 22 cm. | ||
| 500 | |a First published in English in 1961 under title: The changing social position of women in Japan. | ||
| 500 | |6 880-04 |a Shippitsu: Koyama Takashi hoka. | ||
| 504 | |a Bibliography: p. 366-381. | ||
| 504 | |6 880-05 |a Sengo ni kankōsareta josei no chii ni kansuru tosho mokuroku: p. 366-381. | ||
| 653 | |6 880-06 |a Fujin |a Rekishi. | ||
| 653 | |6 880-07 |a Fujin mondai. | ||
| 650 | 0 | |a Women |z Japan. | |
| 880 | 1 | |6 100-01 |a 小山隆, |d 1900- |e ed. | |
| 880 | 1 | 0 | |6 245-02 |a 現代日本の女性 : |b その社会的地位 / |c 小山隆編. |
| 880 | |6 260-03 |a 東京 : |b 国土社, |c 1962. | ||
| 880 | |6 500-04 |a 執筆: 小山隆ほか. | ||
| 880 | |6 504-05 |a 戦後に刋行された女性の地位に関する図書目錄: p. 366-381. | ||
| 880 | |6 653-06 |a 婦人 |a 歴史. | ||
| 880 | |6 653-07 |a 婦人問題. | ||
| 886 | 2 | |2 jpnmarc |a 677 |b 367.2 | |
| 988 | |a 20021220 | ||
| 906 | |0 DLC | ||


